| 000 | 00504nam a2200169Ia 4500 | ||
|---|---|---|---|
| 008 | 240729s9999 xx 000 0 und d | ||
| 022 | _a1557-0657 | ||
| 245 | 0 | _aInternational Journal of Methods in Psychiatric Research | |
| 260 | _aUnited Kingdom | ||
| 260 | _bWiley | ||
| 650 | _a Internal medicine | ||
| 650 | _a Neurosciences. Biological psychiatry. Neuropsychiatry | ||
| 650 | _aMedicine | ||
| 856 | _uhttps://doaj.org/toc/41b882b5347d4e7c9bfff4f46236401c | ||
| 942 | _2ddc | ||
| 942 | _cDOAJEJ | ||
| 999 |
_c72636 _d72636 |
||
| 945 |
_a1 _bMadushi Gamage _c1 _dMadushi Gamage |
||